Primum concilium provinciale chilense

Na minha lista:
Detalhes bibliográficos
Formato: Livro
Idioma:Língua italiana
Publicado em: Santiago Apud Prelum 1938
Assuntos:
Tags: Adicionar Tag
Sem tags, seja o primeiro a adicionar uma tag!

MARC

LEADER 00000nam a2200000 a 4500
001 UCL2437
003 CL-VaPUC
008 031024e19380000CL |||||||||||||||||ita|d
082 0 4 |a 262.5  |b PRI  |2 21 
245 1 0 |a Primum concilium provinciale chilense 
300 |a 183 p 
942 |c BK 
945 |d 20031024 00:00:00  |a vberengu 
260 |a Santiago  |b Apud Prelum  |c 1938 
650 0 |a Concilios  |9 315984 
583 |a last modification  |c 20031024 00:00:00  |k Rodrigo Vera 
999 |c 305744  |d 305742 
952 |0 0  |1 0  |4 0  |6 262_500000000000000_PRI_1938  |7 0  |8 P  |9 370110  |a BIBTEO  |b BIBTES  |c TEO_FTES  |d 2019-11-21  |i 2090805  |o 262.5 PRI 1938  |p 2090805  |r 2024-01-18  |w 2019-11-21  |y BK  |k ICR